000 00444nam a22001577a 4500
020 _a978-93-48132-37-6
082 _a190
_bSAS/P
100 _aSasi K V
245 _aPuthanputhuma:
_bsidhantham sishantheekaranam samoohyavimarsam/
_cby Sasi K V.
260 _aKozhikode:
_bPavanatma Publishers Pvt. Ltd.
_c2024.
300 _a174p.
650 _aPostcolonial Criticism
650 _aWestern Philosophy
650 _aPhilosophy
942 _cBK
999 _c181873
_d181873